Feast, Faith, and Romance: A Journey of Self-Discovery - Statistics

General Stats
  • This quiz has been taken 3 times
  • The average score is 6 of 10
Answer Stats
Hint Answer % Correct
Pray India
100%
Eat Naples
100%
Eat Rome
100%
Pray Delhi
67%
Eat Florence
67%
Love Indonesia
67%
Eat Italy
67%
Love Padangbai
0%
Pray Pataudi Ashram
0%
Love Ubud
0%
No matching quizzes found
Score Distribution
Percent of People with Each Score
Percentile by Number Answered
Your Score History
You have not taken this quiz